000 00765cam a22002411 4500
001 he 66000714
003 DLC
005 20260227111438.0
008 840508s1965 is 000 0 heb
010 _ahe 66000714
035 _a(OCoLC)19146001
040 _aDLC
_cMH
_dDLC
042 _apremarc
050 0 0 _aPJ4835.R8
_bL4
100 1 _aLevanon, M.
245 1 0 _aLeksikon ʻIvri-Romani :
_ble-nivim, tserufe lashon, pitgamim, imrot u-munaḥim shimushiyim /
_c[me-et] M. Levanon [ṿe]-Y. Liʼel.
260 _a[Tel Aviv] :
_b[M. Levanon],
_c[1965]
300 _a366 p. ;
_c17 cm.
500 _aAdded t.p.: Lexicon ebraic-romîn.
650 0 _aHebrew language
_xDictionaries
_xRomanian.
700 1 _aLiel, I.,
_ejoint author.
752 _aIsrael
_dTel Aviv
999 _c31674
_d31674